| 000 | 01179nam a22003257a 4500 | ||
|---|---|---|---|
| 003 | EG-ScBUE | ||
| 005 | 20220321131718.0 | ||
| 008 | 110606s1990 enk f b 000 1 eng d | ||
| 020 | _a0140445226 | ||
| 020 | _a9780140445220 | ||
| 040 |
_aEG-ScBUE _beng _erda _cEG-ScBUE _dEG-ScBUE |
||
| 082 | 0 | 4 |
_222 _a891.73 _bTUR |
| 100 | 1 |
_924790 _aTurgenev, Ivan Sergeevich, _d1818-1883, _eauthor. |
|
| 245 | 1 | 0 |
_aSketches from a Hunter's Album / _cIvan Turgenev ; translated with an introduction and notes by Richard Freeborn. |
| 264 | 1 |
_aLondon : _bPenguin Books, _c1990. |
|
| 300 |
_a403 pages ; _c20 cm. |
||
| 336 |
_2rdacontent _atext _btxt |
||
| 337 |
_2rdamedia _aunmediated _bn |
||
| 338 |
_2rdacarrier _avolume _bnc |
||
| 490 | 0 | _aPenguin Classics | |
| 500 | _aIncludes Appendices. | ||
| 504 | _aIncludes bibliographical references. | ||
| 546 | _aText in English ; translated from the original Russian. | ||
| 650 | _2BUEsh | ||
| 651 | 7 |
_924606 _aRussia _xSocial conditions _y1801-1917 _vFiction. _2BUEsh |
|
| 653 |
_cJune2011 _bGGEN |
||
| 655 |
_vReading book _934232 |
||
| 700 | 1 |
_922895 _aFreeborn, Richard, _etranslator. _eauthor of introduction, etc. |
|
| 942 |
_2ddc _cBB |
||
| 999 |
_c15564 _d15564 |
||